| 000 | 00349nam a2200133Ia 4500 | ||
|---|---|---|---|
| 008 | 240624s9999 xx 000 0 und d | ||
| 041 | _aeng | ||
| 082 | _a330 CHE | ||
| 100 | _aCHEUNG YIN WONG | ||
| 245 | _aEVOLVING ROLE OF CHINA IN THE GLOBAL ECO | ||
| 260 |
_c2013 _aLondon _bThe MIT Press |
||
| 300 | _axiv, : 457 : p. : cm. ; 23 | ||
| 365 |
_c _b26 |
||
| 999 |
_c23465 _d23465 |
||